Statistics for Another Slow Typing Quiz

Click here to take the quiz!

General Stats

  • This quiz has been taken 97 times
  • The average score is 26 of 119

Answer Stats

HintAnswer% Correct
pp
100%
rr
100%
ee
91%
ii
91%
mm
91%
aa
87%
pp
81%
ee
78%
ii
78%
nn
76%
ff
70%
ee
69%
rr
67%
nn
63%
aa
61%
ee
57%
pp
57%
pp
50%
rr
50%
ii
46%
mm
46%
aa
43%
ee
43%
pp
43%
ee
37%
ff
35%
ii
35%
nn
35%
aa
33%
ee
33%
nn
33%
rr
33%
pp
31%
ee
30%
aa
28%
ee
28%
ii
28%
mm
28%
pp
28%
pp
28%
rr
28%
ee
24%
ii
20%
nn
19%
ee
17%
ff
17%
nn
15%
rr
15%
aa
11%
ee
11%
pp
11%
ii
9%
pp
9%
rr
9%
aa
7%
ee
7%
ee
7%
mm
7%
pp
7%
aa
6%
ee
6%
ee
6%
ff
6%
ii
6%
nn
6%
nn
6%
pp
6%
rr
6%
aa
4%
aa
4%
aa
4%
ee
4%
ee
4%
ee
4%
ee
4%
ee
4%
ff
4%
ii
4%
ii
4%
ii
4%
mm
4%
mm
4%
nn
4%
nn
4%
pp
4%
pp
4%
pp
4%
pp
4%
rr
4%
rr
4%
rr
4%
aa
2%
ee
2%
ee
2%
ee
2%
ee
2%
ff
2%
ii
2%
ii
2%
mm
2%
nn
2%
nn
2%
pp
2%
pp
2%
pp
2%
rr
2%
rr
2%
aa
0%
aa
0%
ee
0%
ee
0%
ee
0%
ff
0%
ii
0%
nn
0%
nn
0%
pp
0%
pp
0%
rr
0%

Score Distribution

Percentile by Number Answered

Percent of People with Each Score

Your Score History

You have not taken this quiz